000 00290nam a22001337a 4500
008 170316b xxu||||| |||| 00| 0 eng d
020 _a045863051455
041 _aeng
080 _a611
100 _a7
101 _aSHM
245 _aATLAS OF THE BODY AND MIND
_cRAYNER.C
942 _2udc
_cBK
999 _c7945
_d7945